| 000 | 00555nam a2200193Ia 4500 | ||
|---|---|---|---|
| 005 | 20250508164111.0 | ||
| 008 | 008 250505s9999 xx 000 0 eng d | ||
| 020 | _a81-87879-18-1 | ||
| 037 | _aReference | ||
| 040 |
_aFEDL _beng _cFEDL |
||
| 041 |
_aeng _2eng |
||
| 084 |
_a370.1, DEW _qFEDL |
||
| 100 | _aDewey John | ||
| 245 | 0 | _aDemocracy and education: An introduction to the philosophy of education | |
| 260 |
_aDelhi, India _bAakar Books _c1915 |
||
| 300 | _axii,393p. | ||
| 942 |
_cREF _h370.1, DEW |
||
| 999 |
_c1387052 _d1387052 |
||